Central Library and Information Centre
Sibsagar Girls' College, Sivasagar : Assam

SAHITYAR CHINTA PRABAH (Record no. 2510)

MARC details
000 -LEADER
fixed length control field 00400cam a2200169ua 4500
008 - FIXED-LENGTH DATA ELEMENTS--GENERAL INFORMATION
fixed length control field 131126n II |||gr||||Z||||||asm
040 ## - CATALOGING SOURCE
Original cataloging agency MAIN
041 ## - LANGUAGE CODE
-- English
082 ## - DEWEY DECIMAL CLASSIFICATION NUMBER
Classification number 891.451 SAI
100 ## - MAIN ENTRY--PERSONAL NAME
Personal name GOGOI, NANDITA.
245 ## - TITLE STATEMENT
Title SAHITYAR CHINTA PRABAH
260 ## - PUBLICATION, DISTRIBUTION, ETC.
Place of publication, distribution, etc. DIBRUGARH
Name of publisher, distributor, etc. KAUSTABH PRINTERS
Date of publication, distribution, etc. 2006.
300 ## - PHYSICAL DESCRIPTION
Extent 127:
Dimensions 22CM.
942 ## - ADDED ENTRY ELEMENTS (KOHA)
Koha item type Books
653 ## - INDEX TERM--UNCONTROLLED
Uncontrolled term ASSAMESE LITERATURE
Holdings
Withdrawn status Lost status Damaged status Not for loan Collection code Home library Current library Shelving location Date acquired Full call number Barcode Date last seen Copy number Price effective from Koha item type Public note Total Checkouts Date last checked out
        TBASM Central Library and Information Centre Sibsagar Girls College Central Library and Information Centre Sibsagar Girls College ASSAMESE BOOK RACK 19.07.2006 891.451 SAI 20904 27.02.2020 1 27.02.2020 Books V    
        TBASM Central Library and Information Centre Sibsagar Girls College Central Library and Information Centre Sibsagar Girls College ASSAMESE BOOK RACK 19.07.2006 891.451 SAI 20905 27.02.2020 2 27.02.2020 Books V    
        TBASM Central Library and Information Centre Sibsagar Girls College Central Library and Information Centre Sibsagar Girls College   19.07.2006 891.451 SAI 20906 21.11.2022 3 27.02.2020 Books   1 19.11.2022
        TBASM Central Library and Information Centre Sibsagar Girls College Central Library and Information Centre Sibsagar Girls College ASSAMESE BOOK RACK 19.07.2006 891.451 SAI 20907 27.02.2020 4 27.02.2020 Books V    
        TBASM Central Library and Information Centre Sibsagar Girls College Central Library and Information Centre Sibsagar Girls College ASSAMESE BOOK RACK 19.07.2006 891.451 SAI 20908 27.02.2020 5 27.02.2020 Books V    


Sibsagar Girl's College © 2020. All rights reserved.
Powered by Koha.
Maintained by Abhijit Borpuzari.